000 00552nam a2200181Ia 4500
008 090124s9999 xx 000 0 und d
082 _b18292
100 _aनंदा गुलशन
245 _a परतीचा प्रवास
250 _a1
260 _bमनोरमा प्रकाशन
_c1978
300 _a228
600 _aनंदा गुलशन
630 _a परतीचा प्रवास
700 _aनंदा गुलशन
730 _a परतीचा प्रवास
942 _cBOOK
999 _c89372
_d89372